000 00681nam a2200241Ia 4500
003 OSt
005 20220926005501.0
006 a|||||r|||| 00| 0
007 ta
008 220923b |||||||| |||| 00| 0 eng d
037 _cGeneral Book
040 _aRTL
_cRTL
_beng
041 _2eng
_aeng
082 _aY12:1.2.N7, L6
100 _aPrem Kirpal
_959287
245 0 _aYouth and established culture
_b An Indian study spo
260 _a New Delhi
_bSterling
_c1976
300 _a96p
_ccm.
500 _aBibliograpghy P 93-96; Appendix P 87-91
650 _aYouth
942 _hY12:1.2.N7, L6
_cGB
_2CC
999 _c613989
_d613989